Fr. Conceicao Rodrigues College of Engineering

Basic Electrical Electronics Engineering (Record no. 33651)

MARC details
000 -LEADER
fixed length control field 00329nam a2200145Ia 4500
082 ## - DEWEY DECIMAL CLASSIFICATION NUMBER
Classification number 621.3
Item number MUR/JAG
100 ## - MAIN ENTRY--PERSONAL NAME
Personal name Murugesh/ Kumar/ Jagannath
245 ## - TITLE STATEMENT
Title Basic Electrical Electronics Engineering
260 ## - PUBLICATION, DISTRIBUTION, ETC.
Name of publisher, distributor, etc. Vikas pub.
Date of publication, distribution, etc. 1999
300 ## - PHYSICAL DESCRIPTION
Extent 0 0
546 ## - LANGUAGE NOTE
Language note ENGLISH
654 ## - SUBJECT ADDED ENTRY--FACETED TOPICAL TERMS
Focus term electronics
942 ## - ADDED ENTRY ELEMENTS (KOHA)
Koha item type BOOK
Holdings
Withdrawn status Lost status Damaged status Not for loan Collection Home library Current library Date acquired Total Checkouts Full call number Barcode Date last seen Price effective from Koha item type
        CRC Fr. Agnel's C.Rodrigues College of Engineering Fr. Agnel's C.Rodrigues College of Engineering 17/03/2023   621.3 MUR/JAG 11447 17/03/2023 17/03/2023 BOOK
        CRC Fr. Agnel's C.Rodrigues College of Engineering Fr. Agnel's C.Rodrigues College of Engineering 17/03/2023   621.3 MUR/JAG 11448 17/03/2023 17/03/2023 BOOK